Organization manual: national officers, national committees (Record no. 499654)

000 -LEADER
fixed length control field 00446cam a22001217a 4500
008 - FIXED-LENGTH DATA ELEMENTS--GENERAL INFORMATION
fixed length control field 180718b1954 xxu||||| |||| 00| 0 eng d
082 ## - DEWEY DECIMAL CLASSIFICATION NUMBER
Classification number I509x73 So130
245 ## - TITLE STATEMENT
Title Organization manual: national officers, national committees
Statement of responsibility, etc. by Society for Avancement of Management, U.K.
260 ## - PUBLICATION, DISTRIBUTION, ETC.
Place of publication, distribution, etc. New York
Name of publisher, distributor, etc. Society for Avancement of Management
Date of publication, distribution, etc. 1954
300 ## - PHYSICAL DESCRIPTION
Extent v.p.
650 ## - SUBJECT ADDED ENTRY--TOPICAL TERM
Topical term or geographic name entry element Organization manual
700 ## - ADDED ENTRY--PERSONAL NAME
Personal name U.K. Society for Avancement of Management
Holdings
Withdrawn status Lost status Damaged status Not for loan Permanent Location Current Location Date acquired Full call number Barcode Date last seen Price effective from Koha item type
        Indian Institute of Public Administration Indian Institute of Public Administration 2018-08-04 I509x73 So130 GR6816 2018-08-04 2018-08-04 GR

Powered by Koha